| 000 | 00525nam a2200193Ia 4500 | ||
|---|---|---|---|
| 001 | 17600 | ||
| 003 | GE_BSU | ||
| 008 | 181216s||||||||xx |||||||||||||| ||und|| | ||
| 040 | _cGE_BSU | ||
| 080 | _a821.353.1-1 | ||
| 100 | _aკალაძე,კარლო | ||
| 245 | _a[ლექსების ახალი წიგნი] | ||
| 260 | _aთბილისი | ||
| 260 | _bსაბჭ.მწერალი | ||
| 260 | _c1959 | ||
| 300 | _a75გვ.;15სმ. | ||
| 653 | _aლექსები | ||
| 942 | _cBK | ||
| 999 |
_c50650 _d50650 |
||